000 01069cam a2200205 4500
001 WB3909-09
008 030306n2003 000 0 eng u
035 _a(Sirsi) u121547
245 _aWBCSD sets out business case for reporting
260 _c2003
490 _aEnvironment Information Bulletin
_v(127) March 2003, 2(1)
520 _aThe World Business Council for Sustainable Development (WBCSD) has published a report on sustainable development reporting, setting out the benefits to businesses. WBCSD seeks to encourage companies to adopt and improve sustainability reporting in order to tackle the key challenge of demonstrating the links between sustainabillity and the bottom line. The report is available from http://www.wbcsd.org/newscenter/reports/2003/20030106_sdreport.pdf. A portal, http://www.wbcsd.ch/sdportal has also been created.
590 _aWB
650 _aSUSTAINABLE DEVELOPMENT
650 _aSUSTAINABILITY INDICATORS
650 _aBUSINESSES
650 _aCOMPANY REPORTS
690 _aMANAGEMENT-BUSINESS MANAGEMENT
942 _n0
999 _c72246
_d72246